Months of the year - Statistics

General Stats
  • This quiz has been taken 203 times
  • The average score is 10 of 12
Answer Stats
Hint Answer % Correct
1 January
99%
3 March
90%
4 April
89%
2 February
89%
5 May
88%
6 June
87%
7 July
85%
8 August
81%
9 September
81%
10 October
77%
11 November
75%
12 December
74%
No matching quizzes found
Score Distribution
Percent of People with Each Score
Percentile by Number Answered
Your Score History
You have not taken this quiz